Normal view
MARC view
Entry Personal Name
001 - CONTROL NUMBER
- control field: 36175
003 - CONTROL NUMBER IDENTIFIER
- control field: dpl
005 - DATE AND TIME OF LATEST TRANSACTION
- control field: 20111125113725.0
008 - FIXED-LENGTH DATA ELEMENTS
- fixed length control field: 111125|||a|||||| | ||| d
040 ## - CATALOGING SOURCE
- Original cataloging agency: dpl
- Transcribing agency: dpl
100 ## - HEADING--PERSONAL NAME
- Personal name: Bamzai, P.N.K.
670 ## - SOURCE DATA FOUND
- Source citation: Work cat.: (dpl)57154: Bamzai, P.N.K., Kashmir and central Asia /, 2009
670 ## - SOURCE DATA FOUND
- Source citation: Work cat.: (dpl)57154: Bamzai, P.N.K., Kashmir and central Asia /, 2009
